000 00347nam a22001457a 4500
003 MACL
005 20190918160414.0
008 190918b xxu||||| |||| 00| 0 eng d
040 _c MACL
100 _aShukla, Anindita
_976697
245 _aSkill India
260 _aDelhi
_bPratibha Book
_c2018
650 _aPlanning
_976698
942 _2ddc
_cBK
999 _c61034
_d61034